Central Library OPAC University of Rajshahi

এ কে খান স্বারক গ্রন্থ = A.K. Khan in Memoriam / (Record no. 74377)

MARC details
000 -LEADER
fixed length control field 00910nam a2200241 a 4500
001 - CONTROL NUMBER
control field 74377
003 - CONTROL NUMBER IDENTIFIER
rucl marc code BD-RjUL
005 - DATE AND TIME OF LATEST TRANSACTION
control field 20211209082538.0
008 - FIXED-LENGTH DATA ELEMENTS--GENERAL INFORMATION
fixed length control field 180807s1991 bg af||| |||| 00| 0 ben d
035 ## - SYSTEM CONTROL NUMBER
System control number (BD-RjUL)74595
040 ## - CATALOGING SOURCE
Original cataloging agency BD-RjUL
Language of cataloging eng
Transcribing agency BD-RjUL
041 ## - LANGUAGE CODE
Language code of text/sound track or separate title ben
082 ## - DEWEY DECIMAL CLASSIFICATION NUMBER
Edition number 23
Classification number B 324.2092
Author mark and year AKK 1991
245 ## - TITLE STATEMENT
Title এ কে খান স্বারক গ্রন্থ = A.K. Khan in Memoriam /
Statement of responsibility, etc. সম্পাদক ; হেলাল হুমায়ুন
260 ## - PUBLICATION, DISTRIBUTION, ETC. (IMPRINT)
Place of publication, distribution, etc. চট্টগ্রাম ঃ
Name of publisher, distributor, etc. একে খান ,
Date of publication, distribution, etc. ১৯৯১
300 ## - PHYSICAL DESCRIPTION
Pagination ২৬৮+৪৬ পৃ. :
Illustrations চিত্র ;
Size ২৪ সেমি
600 ## - SUBJECT ADDED ENTRY--PERSONAL NAME
Personal name খান, আবুল কাসেম
Personal name Khan, Abul Kasem.
650 ## - SUBJECT ADDED ENTRY--TOPICAL TERM
Topical term or geographic name as entry element জীবনী
9 (RLIN) 222183
Topical term or geographic name as entry element Biography
9 (RLIN) 222184
700 ## - ADDED ENTRY--PERSONAL NAME
Personal name হুমায়ুন, হেলাল
942 ## - ADDED ENTRY ELEMENTS (KOHA)
Source of classification or shelving scheme Dewey Decimal Classification
Koha item type Books
Holdings
Lost status Source of classification or shelving scheme Damaged status Not for loan Collection code Permanent Location Current Location Shelving location Date acquired Source of acquisition Cost, normal purchase price Total Checkouts Full call number Date last seen Copy number Koha item type
  Dewey Decimal Classification   Not For Loan Non-fiction Central Library, University of Rajshahi Central Library, University of Rajshahi Reading Room 09/12/2021 World Bank 200.00   324.2092 AKK 1991 07/08/2018 C-1 Books